| 000 | 00822cab a22001935a 4500 | ||
|---|---|---|---|
| 001 | L143956 | ||
| 008 | 080606e20080606xxkad f s 000 0 eng d | ||
| 035 | _a(Sirsi) u143956 | ||
| 041 | 0 | _aeng | |
| 100 | 1 | _aHatcher, David | |
| 245 | 0 | 0 | _aAgency 2008 |
| 260 | _c2008 | ||
| 490 | 0 |
_aProperty Week _v73 (23) 6 June 2008, 43-48(6) |
|
| 520 | _aPresents results of Property week's annual survey of the UK agency sector as a league table. Shows the negative impact of the credit crunch. Finds that the average increase in turnover in 2008 was 4.6%, compared to 19% in 2007. Savills tops the table with an increase of 21%, more than 40% higher than its nearest competitor CB Richard Ellis. | ||
| 590 | _aKA | ||
| 651 | 4 |
_aUnited Kingdom _y |
|
| 690 | _aPROPERTY-COMMERCIAL PROPERTY-COMMERCIAL PROPERTY AGENCY | ||
| 942 | _n0 | ||
| 999 |
_c80322 _d80322 |
||